[Event "Washington op 10th"]
[Site "Rockville"]
[Date "2023.08.14"]
[Round "6"]
[White "Paul, Justin"]
[Black "Fishbein, Alexander"]
[Result "0-1"]
[WhiteElo "2262"]
[BlackElo "2363"]
[PlyCount "90"]
[EventDate "2023.08.12"]
[EventType "swiss"]
[EventRounds "9"]
[EventCountry "USA"]
[SourceTitle "CBM 215 Extra"]
[Source "ChessBase"]
[SourceDate "2023.09.30"]
[SourceVersion "1"]
[SourceVersionDate "2023.09.30"]
[SourceQuality "1"]

1. e4 e5 2. Nf3 Nc6 3. Bb5 a6 4. Ba4 Nf6 5. 0-0 Nxe4 6. d4 b5 7. Bb3 d5 8. dxe5 Be6 9. Nbd2 Nc5 10. c3 Bg4 11. h3 Bh5 12. Re1 Be7 13. Nf1 Nxb3 14. axb3 0-0 15. Ng3 Bg6 16. b4 d4 17. Bf4 d3 18. Qb3 a5 19. bxa5 Nxa5 20. Qxb5 c6 21. Qa4 c5 22. c4 Qe8 23. Nd2 Nc6 24. Qxa8 Qxa8 25. Rxa8 Rxa8 26. Be3 Nb4 27. Rd1 Nc2 28. Ndf1 h5 29. f4 h4 30. Nh1 f6 31. e6 Bf5 32. Nf2 Rd8 33. b3 Kf8 34. Kh1 Ke8 35. Bc1 Rb8 36. Nxd3 Rxb3 37. Ne1 Nd4 38. Ne3 Bxe6 39. Nd3 Ne2 40. Bb2 Ng3+ 41. Kg1 Nf5 42. Kf2 Nxe3 43. Kxe3 Bxc4 44. Ba1 Ba6 45. Ke4 f5+ 0-1

[Event "Dulles Cherry Blossom op 10th"]
[Site "Dulles"]
[Date "2023.05.27"]
[Round "4"]
[White "Paul, Justin"]
[Black "Slade, Theodore"]
[Result "1-0"]
[WhiteElo "2314"]
[BlackElo "2021"]
[PlyCount "81"]
[EventDate "2023.05.24"]
[EventType "swiss"]
[EventRounds "9"]
[EventCountry "USA"]
[SourceTitle "CBM 214 Extra"]
[Source "ChessBase"]
[SourceDate "2023.07.31"]
[SourceVersion "1"]
[SourceVersionDate "2023.07.31"]
[SourceQuality "1"]

1. e4 e5 2. Nf3 Nc6 3. Bb5 Nf6 4. d3 Bc5 5. Bxc6 dxc6 6. Bg5 Qe7 7. Nbd2 h6 8. Bh4 Bd6 9. 0-0 g5 10. Bg3 Bg4 11. d4 Nd7 12. Nc4 Bxf3 13. Qxf3 exd4 14. e5 Bc5 15. e6 fxe6 16. Bxc7 Nb6 17. Bxb6 Bxb6 18. Ne5 Rf8 19. Qh5+ Kd8 20. Rae1 Kc7 21. Qxh6 Rh8 22. Qg6 Rag8 23. Qe4 Rh4 24. Ng4 Re8 25. g3 Rhh8 26. Re2 Rhf8 27. Rfe1 Qd8 28. Qh7+ Re7 29. Qh6 Ba5 30. Rd1 Rfe8 31. Qxg5 Kc8 32. Qe5 Rd7 33. Qf6 Ree7 34. Rxe6 d3 35. Rxd3 Rxd3 36. cxd3 Bb4 37. Rxe7 Bxe7 38. Qe6+ Kb8 39. Ne5 a6 40. h4 Ka7 41. Qd7 1-0

[Event "Chesterfield SPICE Cup op"]
[Site "Chesterfield"]
[Date "2022.12.22"]
[Round "8"]
[White "Paul, Justin"]
[Black "Steingrimsson, Hedinn"]
[Result "1/2-1/2"]
[WhiteElo "2297"]
[BlackElo "2504"]
[PlyCount "105"]
[EventDate "2022.12.18"]
[EventType "swiss"]
[EventRounds "9"]
[EventCountry "USA"]
[SourceTitle "CBM 212 Extra"]
[Source "ChessBase"]
[SourceDate "2023.03.31"]
[SourceVersion "1"]
[SourceVersionDate "2023.03.31"]
[SourceQuality "1"]

1. e4 c5 2. Nf3 d6 3. Bb5+ Nd7 4. a4 Ngf6 5. Nc3 g6 6. a5 Bg7 7. 0-0 0-0 8. Re1 a6 9. Bf1 e5 10. d3 h6 11. Nd2 b5 12. axb6 Nxb6 13. Nc4 Ra7 14. h3 Re7 15. Be3 Kh7 16. Qd2 Bb7 17. Nxb6 Qxb6 18. b4 Qc7 19. bxc5 dxc5 20. Na4 Nd7 21. Nb2 f5 22. f3 f4 23. Bf2 g5 24. Qa5 Qc6 25. Na4 Rc8 26. Reb1 Re6 27. c4 Ba8 28. Be2 Bf6 29. Nc3 Bd8 30. Qa3 h5 31. Nd5 Rg6 32. Kf1 Qd6 33. Ra2 Kh6 34. Qa4 Nf8 35. Qa3 a5 36. Rab2 Ne6 37. Nb6 Rb8 38. Nxa8 Rxa8 39. Qa4 Bc7 40. Rb7 Rg7 41. Ke1 Kh7 42. Kd2 Nd4 43. Bxd4 Qxd4 44. Qc6 Rc8 45. R7b6 Bxb6 46. Qxc8 Bd8 47. Qf5+ Kh6 48. Qf8 a4 49. Qh8+ Kg6 50. Qe8+ Kh6 51. Qh8+ Kg6 52. Qe8+ Rf7 53. Qg8+ 1/2-1/2

[Event "Chesterfield SPICE Cup op"]
[Site "Chesterfield"]
[Date "2022.12.19"]
[Round "2"]
[White "Paul, Justin"]
[Black "Vemparala, Nikash"]
[Result "1-0"]
[WhiteElo "2297"]
[BlackElo "2102"]
[PlyCount "87"]
[EventDate "2022.12.18"]
[EventType "swiss"]
[EventRounds "9"]
[EventCountry "USA"]
[SourceTitle "CBM 212 Extra"]
[Source "ChessBase"]
[SourceDate "2023.03.31"]
[SourceVersion "1"]
[SourceVersionDate "2023.03.31"]
[SourceQuality "1"]

1. e4 e5 2. Nf3 Nc6 3. Bb5 Nf6 4. d3 Bc5 5. Bxc6 dxc6 6. Qe2 Qe7 7. Nbd2 Nd7 8. Nc4 0-0 9. h4 h5 10. Be3 b5 11. Bxc5 Qxc5 12. Ne3 Nf6 13. Qd2 Rd8 14. b4 Qd6 15. Qc3 Re8 16. a4 Ng4 17. Nxg4 hxg4 18. Nd2 g3 19. Nb3 gxf2+ 20. Kxf2 Re6 21. a5 Rf6+ 22. Kg1 Rf4 23. Rf1 Qf6 24. Rxf4 Qxf4 25. Qe1 Be6 26. Nc5 Rf8 27. h5 Bc8 28. Rh4 Qg5 29. Kh2 f5 30. exf5 Rxf5 31. Ne4 Qh6 32. Ng3 Rf4 33. Ne4 Rf5 34. Qd2 Rf4 35. Rxf4 exf4 36. Kg1 Bg4 37. g3 Qxh5 38. Qxf4 Bf5 39. Nf2 Qf7 40. Qe5 Bg6 41. Nh3 Qf3 42. Qe6+ Qf7 43. Qxc6 Qe7 44. Qxg6 1-0

[Event "Titled Tuesday intern op 30th Aug Early"]
[Site "Chess.com INT"]
[Date "2022.08.30"]
[Round "2"]
[White "Jiganchine, Roman"]
[Black "Paul, Justin"]
[Result "1-0"]
[WhiteElo "2205"]
[BlackElo "2290"]
[PlyCount "49"]
[EventDate "2022.08.30"]
[EventType "swiss (blitz)"]
[EventRounds "11"]
[EventCountry "USA"]
[SourceTitle "EXT 2023"]
[Source "ChessBase"]
[SourceDate "2022.10.05"]
[SourceVersion "1"]
[SourceVersionDate "2022.10.05"]
[SourceQuality "1"]

1. Nf3 Nf6 2. c4 e6 3. b3 Be7 4. Bb2 0-0 5. e3 a5 6. Nc3 b6 7. d4 Bb7 8. Bd3 d5 9. 0-0 Nbd7 10. Qe2 Ne4 11. Rac1 f5 12. Rfd1 Ndf6 13. Ne5 Bd6 14. cxd5 exd5 15. Nb5 c5 16. f3 Ng5 17. Bxf5 g6 18. Bb1 Ba6 19. a4 Bb7 20. Nxd6 Qxd6 21. dxc5 bxc5 22. Qb5 Ba6 23. Qxc5 Qe6 24. Qd4 Rab8 25. Ng4 1-0

[Event "Titled Tuesday intern op 30th Aug Early"]
[Site "Chess.com INT"]
[Date "2022.08.30"]
[Round "3"]
[White "Paul, Justin"]
[Black "Stanisz, Patryk"]
[Result "1-0"]
[WhiteElo "2290"]
[BlackElo "2199"]
[PlyCount "65"]
[EventDate "2022.08.30"]
[EventType "swiss (blitz)"]
[EventRounds "11"]
[EventCountry "USA"]
[SourceTitle "EXT 2023"]
[Source "ChessBase"]
[SourceDate "2022.10.05"]
[SourceVersion "1"]
[SourceVersionDate "2022.10.05"]
[SourceQuality "1"]

1. d4 d5 2. Nf3 Nf6 3. g3 c6 4. Bg2 Bf5 5. 0-0 h6 6. b3 e6 7. c4 Nbd7 8. a4 Be7 9. a5 0-0 10. Nbd2 b6 11. Ba3 Ne4 12. Qc1 Bxa3 13. Rxa3 Qe7 14. Qa1 b5 15. a6 bxc4 16. bxc4 Nxd2 17. Nxd2 Qb4 18. Qc3 Rab8 19. e4 dxe4 20. Nxe4 Bxe4 21. Bxe4 Rfc8 22. Qd3 c5 23. Bb7 cxd4 24. Bxc8 Rxc8 25. Rb1 Qxc4 26. Qxc4 Rxc4 27. Rb7 Nc5 28. Rxa7 d3 29. Ra8+ Kh7 30. Rd8 Rc1+ 31. Kg2 Nxa6 32. Rxa6 Rc3 33. Rad6 1-0

[Event "Washington op 9th"]
[Site "Rockville"]
[Date "2022.08.13"]
[Round "2"]
[White "Paul, Justin"]
[Black "Tang, Andrew"]
[Result "0-1"]
[WhiteElo "2290"]
[BlackElo "2505"]
[PlyCount "106"]
[EventDate "2022.08.13"]
[EventType "swiss"]
[EventRounds "9"]
[EventCountry "USA"]
[SourceTitle "CBM 209 Extra"]
[Source "ChessBase"]
[SourceDate "2022.09.30"]
[SourceVersion "1"]
[SourceVersionDate "2022.09.30"]
[SourceQuality "1"]

1. e4 e5 2. Nf3 Nc6 3. Bb5 a6 4. Ba4 Nf6 5. 0-0 Be7 6. d3 b5 7. Bb3 d6 8. a3 0-0 9. Nc3 Na5 10. Ba2 Be6 11. b4 Bxa2 12. Nxa2 Nc6 13. c4 Qd7 14. Nc3 Nd8 15. cxb5 axb5 16. d4 exd4 17. Nxd4 Re8 18. Bb2 Bf8 19. Re1 c6 20. h3 g6 21. Qf3 Bg7 22. Rad1 Qb7 23. Qg3 Qe7 24. Re2 Nh5 25. Qg4 Be5 26. g3 Qa7 27. Red2 Qb6 28. Kg2 Bg7 29. Nde2 Nb7 30. f4 d5 31. exd5 Nd6 32. Rd3 Nc4 33. Bc1 Nf6 34. Qf3 Nxd5 35. Nxd5 cxd5 36. Rxd5 Ra7 37. Ng1 Bf6 38. Rc5 Rc7 39. Rxc7 Qxc7 40. Qf2 Bb2 41. Re1 Qc6+ 42. Kh2 Bxc1 43. Rxc1 Qa8 44. Qc5 Qxa3 45. Qxb5 Rc8 46. Rc2 Qb3 47. Re2 Ne3 48. Rd2 Nf5 49. Ne2 Qe3 50. Qd5 h5 51. Rb2 h4 52. g4 Ng3 53. Qd4 Qf3 0-1

[Event "Dulles Cherry Blossom op"]
[Site "Dulles"]
[Date "2022.05.30"]
[Round "8"]
[White "Paul, Justin"]
[Black "Steingrimsson, Hedinn"]
[Result "0-1"]
[WhiteElo "2244"]
[BlackElo "2534"]
[PlyCount "61"]
[EventDate "2022.05.26"]
[EventType "swiss"]
[EventRounds "9"]
[EventCountry "USA"]
[SourceTitle "CBM 208 Extra"]
[Source "ChessBase"]
[SourceDate "2022.07.31"]
[SourceVersion "1"]
[SourceVersionDate "2022.07.31"]
[SourceQuality "1"]

1. e4 c5 2. Nf3 d6 3. Bb5+ Nd7 4. d4 cxd4 5. Qxd4 a6 6. Bxd7+ Bxd7 7. Nc3 Rc8 8. e5 dxe5 9. Nxe5 Nf6 10. Bg5 Be6 11. Qa4+ Nd7 12. 0-0-0 f6 13. Rhe1 fxe5 14. Rxe5 Rc6 15. Re3 Qc8 16. Kb1 Nf6 17. Ne2 h6 18. Bxf6 gxf6 19. Re1 Qd7 20. Nc3 b5 21. Qh4 h5 22. Ne4 Bg7 23. Qf4 0-0 24. Rg3 Bg4 25. h3 e5 26. Qe3 Bf5 27. Nc5 Qc7 28. b4 h4 29. Rf3 Bh7 30. g3 f5 31. Kc1 0-1

[Event "Dulles Cherry Blossom op"]
[Site "Dulles"]
[Date "2022.05.29"]
[Round "7"]
[White "Morefield, Jason P"]
[Black "Paul, Justin"]
[Result "0-1"]
[WhiteElo "2242"]
[BlackElo "2244"]
[PlyCount "98"]
[EventDate "2022.05.26"]
[EventType "swiss"]
[EventRounds "9"]
[EventCountry "USA"]
[SourceTitle "CBM 208 Extra"]
[Source "ChessBase"]
[SourceDate "2022.07.31"]
[SourceVersion "1"]
[SourceVersionDate "2022.07.31"]
[SourceQuality "1"]

1. d4 d5 2. c4 c6 3. Nc3 Nf6 4. e3 e6 5. Nf3 Nbd7 6. Be2 Bd6 7. 0-0 0-0 8. b3 Qe7 9. Bb2 dxc4 10. bxc4 e5 11. Qc2 Re8 12. c5 Bc7 13. Bc4 e4 14. Ng5 Bxh2+ 15. Kh1 Rf8 16. Ncxe4 Nxe4 17. Qxe4 Qxg5 18. Kxh2 Nf6 19. Qf3 Bg4 20. Qg3 Ne4 21. Qe5 Qh4+ 22. Kg1 Rae8 23. Qh2 Qg5 24. Bc1 Be6 25. Bd3 f5 26. Rb1 Rf6 27. Bxe4 fxe4 28. d5 Rh6 29. Qg3 Qh5 30. f4 Rg6 31. Qh2 Qxd5 32. Rxb7 Qxc5 33. f5 Bxf5 34. Qc7 Be6 35. Rb8 Bd7 36. Rxe8+ Bxe8 37. Qc8 Qe5 38. Bb2 Qe6 39. Qb7 h6 40. Qxa7 Rg5 41. Qb8 Kh7 42. Qf4 Bh5 43. Kh2 Qg6 44. Rf2 Bf3 45. Qxg5 Qxg5 46. gxf3 Qxe3 47. Rg2 Qf4+ 48. Kh1 Qxf3 49. Bxg7 e3 0-1

[Event "Dulles Cherry Blossom op"]
[Site "Dulles"]
[Date "2022.05.27"]
[Round "3"]
[White "Chiku Ratte, Olivier Kenta"]
[Black "Paul, Justin"]
[Result "0-1"]
[WhiteElo "2358"]
[BlackElo "2244"]
[PlyCount "86"]
[EventDate "2022.05.26"]
[EventType "swiss"]
[EventRounds "9"]
[EventCountry "USA"]
[SourceTitle "CBM 208 Extra"]
[Source "ChessBase"]
[SourceDate "2022.07.31"]
[SourceVersion "1"]
[SourceVersionDate "2022.07.31"]
[SourceQuality "1"]

1. d4 d5 2. c4 c6 3. Nf3 Nf6 4. e3 a6 5. Nc3 b5 6. b3 Bg4 7. Qd2 Bxf3 8. gxf3 g6 9. Bg2 Nbd7 10. f4 e6 11. 0-0 Bd6 12. cxd5 cxd5 13. f3 Nh5 14. Bb2 0-0 15. Rac1 Ng7 16. Ne2 a5 17. Rc6 Qe7 18. Nc3 Bb4 19. Qe2 Nb8 20. Rc5 Bxc5 21. dxc5 b4 22. Na4 Nc6 23. Qb5 Qc7 24. Rd1 Rab8 25. Qe2 d4 26. exd4 Nh5 27. f5 Nf4 28. Qf2 Ne7 29. Nb6 Ned5 30. fxg6 fxg6 31. Nc4 Rf5 32. Kh1 Rbf8 33. Nd6 Rh5 34. Bf1 Qe7 35. Ne4 Rhf5 36. Nd6 Rh5 37. Ne4 Rhf5 38. Nd6 Nh3 39. Bxh3 Rxf3 40. Qg2 Ne3 41. Qe2 Rxh3 42. Rd3 Qh4 43. Kg1 Rxh2 0-1

[Event "North American-ch U20"]
[Site "Charlotte"]
[Date "2021.12.21"]
[Round "5"]
[White "Paul, Justin"]
[Black "Le, Harry"]
[Result "1-0"]
[WhiteElo "2250"]
[BlackElo "2075"]
[PlyCount "143"]
[EventDate "2021.12.19"]
[EventType "swiss"]
[EventRounds "9"]
[EventCountry "USA"]
[SourceTitle "CBM 205 Extra"]
[Source "ChessBase"]
[SourceDate "2022.01.31"]
[SourceVersion "1"]
[SourceVersionDate "2022.01.31"]
[SourceQuality "1"]

1. e4 c6 2. d4 d5 3. e5 Bf5 4. Nd2 e6 5. Nb3 Nd7 6. Nf3 a6 7. c4 dxc4 8. Bxc4 Ne7 9. 0-0 Nd5 10. Bg5 Be7 11. Bxe7 Qxe7 12. Rc1 N7b6 13. Bd3 Bxd3 14. Qxd3 0-0 15. Nc5 Rad8 16. Rfe1 h6 17. Qe4 Qc7 18. Qg4 Ne7 19. Re4 Nbd5 20. Qh5 b6 21. Nd3 f5 22. exf6 Nxf6 23. Qe5 Qxe5 24. Rxe5 Nf5 25. Nf4 Nxd4 26. Nxe6 Nxf3+ 27. gxf3 Rfe8 28. Rxc6 Rd1+ 29. Kg2 Nd5 30. Re4 Kf7 31. Nc7 Rc8 32. Rec4 b5 33. Nxd5 bxc4 34. Rxc8 Rxd5 35. Rxc4 Rd2 36. Rc7+ Kf6 37. Rb7 a5 38. h4 a4 39. a3 Rd4 40. Kg3 h5 41. Rb6+ Kf7 42. f4 Rd3+ 43. f3 Rd5 44. Rb4 Rd2 45. f5 Kf6 46. Kf4 Rg2 47. Rb6+ Kf7 48. Rb7+ Kf6 49. Rb4 Kf7 50. Rb6 Rg1 51. Ke5 Re1+ 52. Kf4 Rg1 53. Rb4 Rg2 54. Rxa4 Rxb2 55. Ra7+ Kf6 56. Ra6+ Kf7 57. Kg5 Rb3 58. Ra7+ Kf8 59. Ra8+ Kf7 60. Ra7+ Kf8 61. Kg6 Rxf3 62. Rf7+ Ke8 63. Rxg7 Rg3+ 64. Kf6 Rxa3 65. Rg8+ Kd7 66. Rh8 Ra6+ 67. Kf7 Kc7 68. f6 Kd6 69. Kg7 Ra7+ 70. f7 Ke6 71. Rh6+ Kf5 72. Rxh5+ 1-0

[Event "Titled Tuesday intern op 21st Sept"]
[Site "Chess.com INT"]
[Date "2021.09.21"]
[Round "1"]
[White "Simonovic, Miroslav"]
[Black "Paul, Justin"]
[Result "0-1"]
[WhiteElo "2115"]
[BlackElo "2250"]
[PlyCount "68"]
[EventDate "2021.09.21"]
[EventType "swiss (blitz)"]
[EventRounds "9"]
[EventCountry "USA"]
[SourceTitle "EXT 2022"]
[Source "ChessBase"]
[SourceDate "2021.10.06"]
[SourceVersion "1"]
[SourceVersionDate "2021.10.06"]
[SourceQuality "1"]

1. d4 Nf6 2. Bg5 d5 3. Bxf6 gxf6 4. e3 e6 5. c4 c6 6. cxd5 cxd5 7. Nc3 f5 8. g3 a6 9. a3 Nd7 10. Bg2 Nf6 11. Nge2 Bd6 12. 0-0 h5 13. h4 Bd7 14. b4 Rg8 15. Na4 Bb5 16. Nc5 Qb8 17. a4 Bxe2 18. Qxe2 Bxg3 19. fxg3 Qxg3 20. Qf2 Qh3 21. Ra2 Ke7 22. Nd3 Rxg2+ 23. Qxg2 Rg8 24. Nf4 Qxe3+ 25. Kh1 Rxg2 26. Rxg2 Ne4 27. Kh2 Qxd4 28. b5 Qxa4 29. bxa6 Qxa6 30. Rg7 Qxf1 31. Ng6+ Kf6 32. Rxf7+ Kxf7 33. Ne5+ Ke8 34. Nf3 Qf2+ 0-1

[Event "Speed Chess GP1"]
[Site "Chess.com INT"]
[Date "2021.09.18"]
[Round "6"]
[White "Corrales Jimenez, Fidel"]
[Black "Paul, Justin"]
[Result "0-1"]
[WhiteElo "2514"]
[BlackElo "2250"]
[PlyCount "80"]
[EventDate "2021.09.18"]
[EventType "swiss (blitz)"]
[EventRounds "10"]
[EventCountry "USA"]
[SourceTitle "CBM 204 Extra"]
[Source "ChessBase"]
[SourceDate "2021.11.30"]
[SourceVersion "1"]
[SourceVersionDate "2021.11.30"]
[SourceQuality "1"]

1. e4 c5 2. Nf3 d6 3. d4 cxd4 4. Nxd4 Nf6 5. f3 Nc6 6. c4 e5 7. Nc2 h6 8. Nc3 Be7 9. Be3 0-0 10. Qd2 Be6 11. g4 Nd7 12. 0-0-0 Nc5 13. h4 Bxh4 14. Kb1 Bg5 15. Rh5 Bxe3 16. Qxe3 f6 17. b4 Na6 18. b5 Nc5 19. bxc6 bxc6 20. Ka1 Rb8 21. Be2 Qa5 22. Rxd6 Rb3 23. Rxc6 Rxc3 24. Rxc5 Rxe3 25. Rxa5 Rxe2 26. Na3 Rd8 27. Rh1 Rdd2 28. Nb1 Rc2 29. Na3 Rxa2+ 30. Kb1 Reb2+ 31. Kc1 Rb3 32. Ra6 Bxc4 33. Rc6 Bd3 34. Nc2 Rbb2 35. Rh2 Bxc2 36. Rc7 Rb1+ 37. Kd2 Bb3+ 38. Ke3 Rxh2 39. Rb7 Bc4 40. Rxa7 Re2# 0-1

[Event "Speed Chess GP1"]
[Site "Chess.com INT"]
[Date "2021.09.18"]
[Round "5"]
[White "Elissalt Cardenas, Hector"]
[Black "Paul, Justin"]
[Result "0-1"]
[WhiteElo "2297"]
[BlackElo "2250"]
[PlyCount "104"]
[EventDate "2021.09.18"]
[EventType "swiss (blitz)"]
[EventRounds "10"]
[EventCountry "USA"]
[SourceTitle "CBM 204 Extra"]
[Source "ChessBase"]
[SourceDate "2021.11.30"]
[SourceVersion "1"]
[SourceVersionDate "2021.11.30"]
[SourceQuality "1"]

1. d4 Nf6 2. c4 g6 3. Nc3 Bg7 4. e4 d6 5. Be2 0-0 6. Be3 c5 7. e5 Nfd7 8. exd6 exd6 9. Nf3 Nc6 10. 0-0 Re8 11. Qd2 b6 12. Rad1 Bb7 13. Rfe1 cxd4 14. Nxd4 Nxd4 15. Bxd4 Ne5 16. f4 Nc6 17. Bxg7 Kxg7 18. Qxd6 Qh4 19. g3 Qh3 20. Bf1 Qg4 21. Bg2 Rxe1+ 22. Rxe1 Rd8 23. Qc7 Rd7 24. Qxb7 Rxb7 25. Bxc6 Rc7 26. Bd5 Qf5 27. Re2 Qd3 28. Kf2 a6 29. a4 Rc5 30. Ne4 Qd4+ 31. Kf3 Rc7 32. Nc3 Rd7 33. Re4 Qd2 34. Re2 Qc1 35. Kf2 b5 36. axb5 axb5 37. Nxb5 Rxd5 38. cxd5 Qc5+ 39. Kf3 Qxb5 40. Rd2 Kf8 41. d6 Ke8 42. d7+ Kd8 43. Ke3 h6 44. h4 Qb3+ 45. Kf2 f6 46. g4 g5 47. fxg5 fxg5 48. hxg5 hxg5 49. Kg2 Qe3 50. Rf2 Kxd7 51. Rf3 Qe2+ 52. Rf2 Qxg4+ 0-1

[Event "Speed Chess GP1"]
[Site "Chess.com INT"]
[Date "2021.09.18"]
[Round "3"]
[White "Paul, Justin"]
[Black "Pranav, Anand"]
[Result "0-1"]
[WhiteElo "2250"]
[BlackElo "2438"]
[PlyCount "102"]
[EventDate "2021.09.18"]
[EventType "swiss (blitz)"]
[EventRounds "10"]
[EventCountry "USA"]
[SourceTitle "CBM 204 Extra"]
[Source "ChessBase"]
[SourceDate "2021.11.30"]
[SourceVersion "1"]
[SourceVersionDate "2021.11.30"]
[SourceQuality "1"]

1. e4 e5 2. Nf3 Nc6 3. Bc4 Bc5 4. c3 Nf6 5. d4 exd4 6. e5 d5 7. Bb5 Ne4 8. cxd4 Bb6 9. h3 0-0 10. 0-0 f6 11. Bxc6 bxc6 12. Be3 f5 13. Nc3 h6 14. Rc1 Bd7 15. Qb3 Kh8 16. Rfd1 Qe8 17. Nh2 f4 18. Nxe4 dxe4 19. Bd2 Qg6 20. Bb4 f3 21. g4 Qg5 22. Kh1 Rfe8 23. Qe3 Qxe3 24. fxe3 a5 25. Bc5 Rab8 26. Rd2 Be6 27. a3 Bd5 28. Nf1 g6 29. Kh2 Kg7 30. Ng3 Kf7 31. Nh1 Ke6 32. Kg3 Rh8 33. Nf2 Rbg8 34. h4 g5 35. h5 Rb8 36. Rc3 Rb7 37. Nd1 Rhb8 38. b4 axb4 39. Bxb4 Ra8 40. Rdc2 Kd7 41. Nb2 Ba5 42. Bxa5 Rxa5 43. Nc4 Rab5 44. e6+ Kxe6 45. Ne5 Rb1 46. Nxc6 Rg1+ 47. Kh2 Rbb1 48. Nd8+ Kf6 49. Rxc7 Rh1+ 50. Kg3 Rbg1+ 51. Kf2 Rg2# 0-1

[Event "Dulles Cherry Blossom op"]
[Site "Dulles"]
[Date "2021.05.29"]
[Round "5"]
[White "Panchanathan, Magesh Chandran"]
[Black "Paul, Justin"]
[Result "0-1"]
[WhiteElo "2504"]
[BlackElo "2276"]
[PlyCount "128"]
[EventDate "2021.05.27"]
[EventType "swiss"]
[EventRounds "9"]
[EventCountry "USA"]
[SourceTitle "CBM 203 Extra"]
[Source "ChessBase"]
[SourceDate "2021.09.30"]
[SourceVersion "1"]
[SourceVersionDate "2021.09.30"]
[SourceQuality "1"]

1. b3 Nf6 2. Bb2 g6 3. Bxf6 exf6 4. Nf3 f5 5. d4 Bg7 6. e3 0-0 7. Be2 d6 8. 0-0 Nd7 9. c4 Nf6 10. Nc3 c6 11. Nd2 Re8 12. Bf3 Re7 13. b4 Bd7 14. Rb1 f4 15. exf4 Bf5 16. Rb3 Qd7 17. d5 Rae8 18. dxc6 bxc6 19. b5 cxb5 20. Nxb5 a6 21. Nd4 Be4 22. g3 Qc7 23. Re1 Qc5 24. Nxe4 Nxe4 25. Rxe4 Rxe4 26. Bxe4 Rxe4 27. Rb8+ Bf8 28. Nb3 Qc7 29. Ra8 Qxc4 30. Nd2 Qd4 31. Rxa6 d5 32. Ra8 Kg7 33. Rc8 Bb4 34. Rc2 Re8 35. Kg2 Ba5 36. f5 gxf5 37. Kh3 h5 38. Qc1 h4 39. Qb2 Qxb2 40. Rxb2 Bc3 41. Rc2 d4 42. Nb1 Be1 43. Kg2 d3 44. Rc5 Re2 45. Rxf5 Rxa2 46. Re5 Rxf2+ 47. Kh3 d2 48. Rd5 hxg3 49. hxg3 Kf6 50. Rd3 Ke5 51. Nc3 Rf6 52. Kg2 Rc6 53. Nb1 Ke4 54. Rd7 Rc2 55. Kh3 f5 56. Kh4 Rb2 57. Nc3+ Ke5 58. Kh5 Rb3 59. Nd1 Rxg3 60. Nb2 Kf6 61. Rd6+ Ke7 62. Rd5 Ke6 63. Rd8 Rg2 64. Nc4 f4 0-1

[Event "Dulles Cherry Blossom op"]
[Site "Dulles"]
[Date "2021.05.27"]
[Round "1"]
[White "Moor, Nathaniel Philip"]
[Black "Paul, Justin"]
[Result "1-0"]
[WhiteElo "1777"]
[BlackElo "2276"]
[PlyCount "49"]
[EventDate "2021.05.27"]
[EventType "swiss"]
[EventRounds "9"]
[EventCountry "USA"]
[SourceTitle "CBM 203 Extra"]
[Source "ChessBase"]
[SourceDate "2021.09.30"]
[SourceVersion "1"]
[SourceVersionDate "2021.09.30"]
[SourceQuality "1"]

1. e4 c5 2. Nf3 d6 3. d4 cxd4 4. Nxd4 Nf6 5. Nc3 Nc6 6. Bc4 Qb6 7. Nxc6 bxc6 8. 0-0 g6 9. Qe2 Bg4 10. Qd3 Bg7 11. Be3 Qxb2 12. Rab1 Qa3 13. h3 Bd7 14. Nd5 Qa5 15. Bd2 Qd8 16. Nxf6+ Bxf6 17. Bh6 Qa5 18. f4 Rd8 19. Kh1 Qc5 20. e5 dxe5 21. fxe5 Qxe5 22. Rbe1 Qc5 23. Qb3 Be6 24. Bxe6 fxe6 25. Rxf6 1-0

[Event "Titled Tuesday intern op 11th May"]
[Site "Chess.com INT"]
[Date "2021.05.11"]
[Round "4"]
[White "Laxman, Rajaram"]
[Black "Paul, Justin"]
[Result "1-0"]
[WhiteElo "2411"]
[BlackElo "2276"]
[PlyCount "91"]
[EventDate "2021.05.11"]
[EventType "swiss (blitz)"]
[EventRounds "11"]
[EventCountry "USA"]
[SourceTitle "CBM 202 Extra"]
[Source "ChessBase"]
[SourceDate "2021.07.31"]
[SourceVersion "1"]
[SourceVersionDate "2021.07.31"]
[SourceQuality "1"]

1. d4 Nf6 2. Nf3 d5 3. c4 e6 4. g3 Bb4+ 5. Bd2 Be7 6. Bg2 0-0 7. 0-0 c6 8. Qc2 a5 9. Bf4 Ne4 10. Nbd2 f5 11. Ne5 Nd7 12. f3 Nxd2 13. Qxd2 g5 14. Nxd7 Bxd7 15. Be5 dxc4 16. e4 Be8 17. f4 fxe4 18. Bxe4 Bg6 19. Bxg6 hxg6 20. Qc2 Kh7 21. fxg5 Qd5 22. h4 c5 23. h5 Rf5 24. hxg6+ Kxg6 25. g4 Raf8 26. gxf5+ exf5 27. Qh2 Bxg5 28. Qg3 f4 29. Qf3 Qxf3 30. Rxf3 Kf5 31. Raf1 Ke4 32. Bd6 Rg8 33. Bxc5 Bh4+ 34. Kh1 Bg3 35. Bd6 Rh8+ 36. Kg1 Rg8 37. Be5 Be1+ 38. Kh2 Rh8+ 39. Rh3 Bg3+ 40. Kg2 Rg8 41. Rh8 Rg6 42. Kh3 Ke3 43. Bxf4+ Bxf4 44. Re8+ Kxd4 45. Rxf4+ Kc5 46. Rc8+ 1-0

[Event "Titled Tuesday intern op 11th May"]
[Site "Chess.com INT"]
[Date "2021.05.11"]
[Round "1"]
[White "Md Jamal, Uddin"]
[Black "Paul, Justin"]
[Result "0-1"]
[WhiteElo "2074"]
[BlackElo "2276"]
[PlyCount "62"]
[EventDate "2021.05.11"]
[EventType "swiss (blitz)"]
[EventRounds "11"]
[EventCountry "USA"]
[SourceTitle "CBM 202 Extra"]
[Source "ChessBase"]
[SourceDate "2021.07.31"]
[SourceVersion "1"]
[SourceVersionDate "2021.07.31"]
[SourceQuality "1"]

1. e4 c5 2. Nf3 d6 3. d4 cxd4 4. Nxd4 Nf6 5. Nc3 Nc6 6. Bc4 Qb6 7. Nxc6 bxc6 8. 0-0 e5 9. Bb3 Be7 10. Be3 Qc7 11. h3 0-0 12. f4 exf4 13. Bxf4 Nd7 14. Qh5 Bf6 15. Bg5 Bxg5 16. Bxf7+ Kh8 17. Qxg5 Ne5 18. Bb3 Ba6 19. Rxf8+ Rxf8 20. a4 Qb6+ 21. Kh2 Qf2 22. Qg3 Nf3+ 23. Qxf3 Rxf3 24. Nd1 Qd2 25. Nc3 Qf4+ 26. Kh1 Rf1+ 27. Rxf1 Bxf1 28. Kg1 Ba6 29. a5 Qe3+ 30. Kh2 Bf1 31. Nd1 Qd2 0-1

[Event "Titled Tuesday intern op 12th Jan"]
[Site "Chess.com INT"]
[Date "2021.01.12"]
[Round "2"]
[White "Paul, Justin"]
[Black "Legenia, Artem"]
[Result "1-0"]
[WhiteElo "2249"]
[BlackElo "2144"]
[PlyCount "115"]
[EventDate "2021.01.12"]
[EventType "swiss (blitz)"]
[EventRounds "11"]
[EventCountry "USA"]
[SourceTitle "CBM 200 Extra"]
[Source "ChessBase"]
[SourceDate "2021.03.31"]
[SourceVersion "1"]
[SourceVersionDate "2021.03.31"]
[SourceQuality "1"]

1. d4 Nf6 2. Nd2 c5 3. dxc5 e6 4. Nb3 Bxc5 5. Nxc5 Qa5+ 6. c3 Qxc5 7. f3 d5 8. Qd4 Qc7 9. Bf4 Qb6 10. Qxb6 axb6 11. e3 Nbd7 12. Bb5 Ke7 13. Ne2 e5 14. Bg5 h6 15. Bh4 Nc5 16. 0-0 Be6 17. a4 Bd7 18. b4 Nxa4 19. Bxd7 Kxd7 20. Bxf6 gxf6 21. Ra2 b5 22. Rd2 Ke6 23. Rfd1 Nb6 24. e4 Rhd8 25. g4 Rd7 26. f4 Rad8 27. f5+ Ke7 28. Ng3 dxe4 29. Rxd7+ Rxd7 30. Rxd7+ Nxd7 31. Nxe4 b6 32. Kf2 Nb8 33. Kg3 Nd7 34. Kh4 Kf8 35. Kh5 Kg7 36. Nd6 e4 37. Nxe4 Ne5 38. Kh4 Nc4 39. Kg3 Ne3 40. Kf3 Nd5 41. Ke2 Kf8 42. Kd3 Ke7 43. Kd4 Nf4 44. c4 bxc4 45. Kxc4 h5 46. gxh5 Nxh5 47. Kb5 Nf4 48. Kxb6 Nd5+ 49. Kc5 Ne3 50. Ng3 Ng4 51. h4 Ne3 52. b5 Kd7 53. b6 Kc8 54. Kc6 Kb8 55. h5 Ng4 56. Ne4 Nh6 57. Nd6 Nxf5 58. Nxf5 1-0